000 00387nam a22001217a 4500
008 181127b xxu||||| |||| 00| 0 eng d
041 _aeng
080 _a043.3
100 _a0
101 _aMTH-MBE
245 _aNdikimi i menaxhimit të burimeve njerëzore MBNJ në zhvillimin Ekonomik afat-mesëm: një analizë bizneseve të vogla dhe të mesme në Kosovë
_cMusa,N
942 _2udc
_cBK
999 _c52611
_d52611